00922nam a2200265Ia 450000100060000000300090000600800410001504000130005604000130006904100130008210000250009510000290012024000320014924000350018124500270021624500270024325000110027026000110028126000190029226000490031130000430036050001950040365000270059865000310062519245IT-RoPAU130308s9999 xx 000 0 und d aIT-RoPAU cIT-RoPAU aITALIANO aHocquard Jean-Victor gCodice Aut. SPICS: 5593 aDON GIOVANNI DE MOZART (LE) gCodice Tit. Orig. Spics: T1589 aDon Giovanni di Mozart bDon Giovanni di Mozart a1a ed. aMILANO bIl Formichiere c1980 [1° Ed.:1980 - Ed.Ling.Originale:1978] a"232 p. (prefazione: no ; testo: 232)" aStudio Generale del Don Giovanni Mito di Don Giovanni Don Giovanni e Il Romanticismo Personaggi del Don Giovanni Discografia del Don Giovanni testo Completo del libretto di Lorenzo da Ponte aAUTORI/OPERE DI MUSICA eCodice materia Spics: 7007